Разработка алгоритма записи данных, использующего стратегию двухуровневого разночастотного кольцевого буфера; Перспективы развития фундаментальных наук; Т. 7 : IT-технологии и электроника
| Parent link: | Перспективы развития фундаментальных наук=Prospects of Fundamental Sciences Development: сборник научных трудов XIV Международной конференции студентов, аспирантов и молодых ученых, г. Томск, 25-28 апреля 2017 г./ Национальный исследовательский Томский политехнический университет (ТПУ) ; под ред. И. А. Курзиной, Г. А. Вороновой.— , 2017 Т. 7 : IT-технологии и электроника.— 2017.— [С. 84-86] |
|---|---|
| Auteur principal: | |
| Autres auteurs: | |
| Résumé: | Заглавие с экрана Automatic systems based on microcontrollers often use non-volatile memory with a limited lifespan for storing data. The limitation requires uniform use of memory cells. This can be provided by using a ring buffer strategy. However, classical ring buffer can't provide uniform use if there are several arrays in the memory which are updating with different frequencies. In this paper we introduce a data storage algorithm that uses a two-level multi-frequency ring buffer to ensure uniform wear of the memory. |
| Langue: | russe |
| Publié: |
2017
|
| Sujets: | |
| Accès en ligne: | http://earchive.tpu.ru/handle/11683/45337 |
| Format: | Électronique Chapitre de livre |
| KOHA link: | https://koha.lib.tpu.ru/cgi-bin/koha/opac-detail.pl?biblionumber=625690 |
MARC
| LEADER | 00000naa2a2200000 4500 | ||
|---|---|---|---|
| 001 | 625690 | ||
| 005 | 20231101133356.0 | ||
| 035 | |a (RuTPU)RU\TPU\conf\24950 | ||
| 035 | |a RU\TPU\conf\24948 | ||
| 090 | |a 625690 | ||
| 100 | |a 20171218d2017 k y0rusy50 ca | ||
| 101 | 0 | |a rus |d eng | |
| 102 | |a RU | ||
| 105 | |a y z 100zy | ||
| 135 | |a drcn ---uucaa | ||
| 181 | 0 | |a i | |
| 182 | 0 | |a b | |
| 200 | 1 | |a Разработка алгоритма записи данных, использующего стратегию двухуровневого разночастотного кольцевого буфера |d Data writing algorithm with two-level multi-frequency ring buffer strategy |f Д. В. Нефедов |g науч. рук. А. С. Розов | |
| 203 | |a Текст |c электронный | ||
| 230 | |a 1 компьютерный файл (pdf; 171 Kb) | ||
| 300 | |a Заглавие с экрана | ||
| 320 | |a [Библиогр.: с. 86 (1 назв.)] | ||
| 330 | |a Automatic systems based on microcontrollers often use non-volatile memory with a limited lifespan for storing data. The limitation requires uniform use of memory cells. This can be provided by using a ring buffer strategy. However, classical ring buffer can't provide uniform use if there are several arrays in the memory which are updating with different frequencies. In this paper we introduce a data storage algorithm that uses a two-level multi-frequency ring buffer to ensure uniform wear of the memory. | ||
| 461 | 1 | |0 (RuTPU)RU\TPU\conf\21388 |t Перспективы развития фундаментальных наук |l Prospects of Fundamental Sciences Development |o сборник научных трудов XIV Международной конференции студентов, аспирантов и молодых ученых, г. Томск, 25-28 апреля 2017 г. |o в 7 т. |f Национальный исследовательский Томский политехнический университет (ТПУ) ; под ред. И. А. Курзиной, Г. А. Вороновой |d 2017 | |
| 463 | 1 | |0 (RuTPU)RU\TPU\conf\21398 |t Т. 7 : IT-технологии и электроника |v [С. 84-86] |d 2017 | |
| 510 | 1 | |a Data writing algorithm with two-level multi-frequency ring buffer strategy |z eng | |
| 610 | 1 | |a электронные ресурсы | |
| 610 | 1 | |a программирование | |
| 610 | 1 | |a энергонезависимая твердотельная память | |
| 610 | 1 | |a микроконтроллеры | |
| 610 | 1 | |a платформы | |
| 610 | 1 | |a буфер | |
| 700 | 1 | |a Нефедов |b Д. В. | |
| 702 | 1 | |a Розов |b А. С. |4 727 | |
| 801 | 2 | |a RU |b 63413507 |c 20171220 |g RCR | |
| 856 | 4 | |u http://earchive.tpu.ru/handle/11683/45337 | |
| 942 | |c BK | ||